Черный лебедь (Запись № 1582256)

Подробности
000 -МАРКЕР
контрольное поле 01625nam0a2200385 4500
001 - ИДЕНТИФИКАТОР ЗАПИСИ
контрольное поле RU\NLR\bibl\1770897
005 - ИДЕНТИФИКАТОР ВЕРСИИ
контрольное поле 20260408211732.0
010 ## - МЕЖДУНАРОДНЫЙ СТАНДАРТНЫЙ НОМЕР КНИГИ (ISBN)
Номер (ISBN) 978-5-389-00573-0
Тираж 4000
021 ## - НОМЕР ГОСУДАРСТВЕННОЙ РЕГИСТРАЦИИ
Код страны Российская Федерация
Номер 2011-31156
Номер Листа государственной регистраци 2215
021 ## - НОМЕР ГОСУДАРСТВЕННОЙ РЕГИСТРАЦИИ
Код страны Российская Федерация
Номер 2012-8976
Номер Листа государственной регистраци 666
035 ## - ДРУГИЕ СИСТЕМНЫЕ НОМЕРА
Идентификатор записи (NLR Aleph) 001761679
100 ## - ДАННЫЕ ОБЩЕЙ ОБРАБОТКИ
Данные общей обработки 20110520d2011 u y0rusy50 ca
101 1# - ЯЗЫК РЕСУРСА
Язык текста, звукозаписи и т.д. русский
Язык оригинала английский
102 ## - СТРАНА ПУБЛИКАЦИИ ИЛИ ПРОИЗВОДСТВА
Страна публикации Российская Федерация
105 ## - ПОЛЕ КОДИРОВАННЫХ ДАННЫХ: ТЕКСТОВЫЕ МАТЕРИАЛЫ, МОНОГРАФИЧЕСКИЕ
Кодированные данные о монографическом текстовом документе ac |||||||||
200 1# - ЗАГЛАВИЕ И СВЕДЕНИЯ ОБ ОТВЕТСТВЕННОСТИ
Основное заглавие Черный лебедь
Параллельное заглавие The black swan
Сведения, относящиеся к заглавию под знаком непредсказуемости
Первые сведения об ответственности Нассим Николас Талеб
Последующие сведения об ответственности [пер. с англ. В. Сонькина и др. под ред. М. Тюнькиной]
Язык параллельного заглавия английский
210 ## - ПУБЛИКАЦИЯ, РАСПРОСТРАНЕНИЕ И ДР.
Место издания, распространения и т.д. Москва [и др.]
Имя издателя, распространителя и т. д. КоЛибри [и др.]
Дата издания, распространения и т.д. 2011
215 ## - ФИЗИЧЕСКАЯ ХАРАКТЕРИСТИКА
Специфическое обозначение материала и объем 525, [1] с.
Другие сведения о физической характеристике ил., портр.
Размеры 22
300 ## - ОБЩИЕ ПРИМЕЧАНИЯ
Текст примечания Авт. также на англ. яз.: Nassim Nicholas Taleb
320 ## - ПРИМЕЧАНИЯ О НАЛИЧИИ В ДОКУМЕНТЕ БИБЛИОГРАФИИ / УКАЗАТЕЛЯ
Текст примечания Библиогр. в конце кн. и в подстроч. примеч.
510 0# - ПАРАЛЛЕЛЬНОЕ ЗАГЛАВИЕ
Связь между полями z22790
Параллельное заглавие The black swan
Язык заглавия английский
606 1# - НАИМЕНОВАНИЕ ТЕМЫ КАК ПРЕДМЕТ
Наименование темы Прогнозирование экономическое
Системный номер авторитетной/нормативной записи 2094245
Идентификатор авторитетной/нормативной записи RU\NLR\AUTH\661267266
606 ## - НАИМЕНОВАНИЕ ТЕМЫ КАК ПРЕДМЕТ
Наименование темы Событие (социол.)
Системный номер авторитетной/нормативной записи 2356187
Идентификатор авторитетной/нормативной записи RU\NLR\AUTH\6601629957
686 ## - ИНДЕКСЫ ДРУГИХ КЛАССИФИКАЦИЙ
Индекс У23(0)038
686 1# - ИНДЕКСЫ ДРУГИХ КЛАССИФИКАЦИЙ
Индекс С5в
686 1# - ИНДЕКСЫ ДРУГИХ КЛАССИФИКАЦИЙ
Индекс У010в
700 #1 - ИМЯ ЛИЦА - ПЕРВИЧНАЯ ОТВЕТСТВЕННОСТЬ
Код отношения Автор
Графика поля Кириллица
Материалы, к которым относится поле rus
Начальный элемент ввода Талеб
Часть имени, кроме начального элемента ввода Н. Н.
Даты 1960-
Расширение инициалов личного имени Нассим Николас
Системный номер авторитетной/нормативной записи 91341
Идентификатор авторитетной/нормативной записи RU\NLR\auth\77108416
790 #1 - ИМЯ ЛИЦА - АЛЬТЕРНАТИВНАЯ ФОРМА
Код отношения Автор
Графика поля Латинская
Материалы, к которым относится поле eng
Начальный элемент ввода Taleb
Часть имени, кроме начального элемента ввода N. N.
Даты 1960-
Расширение инициалов личного имени Nassim Nicholas
Системный номер авторитетной/нормативной записи 91343
Идентификатор авторитетной/нормативной записи RU\NLR\auth\77108418
801 #0 - ИСТОЧНИК ЗАПИСИ
Страна Российская Федерация
Организация NLR
Дата составления 20110520
Правила каталогизации RCR
801 #1 - ИСТОЧНИК ЗАПИСИ
Страна Российская Федерация
Организация NLR
Дата составления 20110520
942 ## - ДОПОЛНИТЕЛЬНЫЕ ЭЛЕМЕНТЫ ЗАПИСИ (АБИС)
Тип экземпляра АБИС Книга
980 ## - КОЛЛЕКЦИЯ
Название коллекции Национальная библиография
Экземпляры
Тип экземпляра Дата поступления Источник поступления Библиотека постоянного хранения Библиотека текущего хранения Место хранения Шифр хранения Штрих-код Статус экземпляра Стоимость
Книга 20.05.2011 Обязательный экземпляр РНБ (Московский) РНБ (Московский) Русский книжный фонд: издания с 1957 года 2011-5/3876 1-1868444    
Книга 24.02.2012 Обязательный экземпляр РНБ (Московский) РНБ (Московский) Обменный фонд   3603330   100.00
Книга 24.02.2012 Обязательный экземпляр РНБ (Московский) РНБ (Московский) Обменный фонд   3603331    
Книга 20.05.2011 Обязательный экземпляр РНБ (Садовая) РНБ (Садовая) Фонд международного книгообмена   1-686185   300.00